| 000 | 00693nam a22002057a 4500 | ||
|---|---|---|---|
| 003 | 0 | ||
| 005 | 20230823123315.0 | ||
| 008 | 230823b xxu||||| |||| 00| 0 eng d | ||
| 020 | _a978-621-448-189-7 | ||
| 050 |
_aCS 1399 _b.R67 2022 |
||
| 100 | _adel Rosario, Agapito Labalan | ||
| 245 |
_aLost graves, found lives : a history of memoir _cAgapito Labalan del Rosari |
||
| 260 |
_aQuezon City _bBuhaw, an imprint of Ateneo de Manila University Press _cc2022. |
||
| 300 |
_axxii, 256 pages : _bill. ; _c21 cm. |
||
| 500 | _aGenealogy. | ||
| 504 | _aIncludes bibliographical references and index. | ||
| 600 | _aVicente Abad Santos--Family. | ||
| 650 | _aGenealogy. | ||
| 942 |
_2lcc _cBK |
||
| 999 |
_c365190 _d365190 |
||